Math for welders / (Record no. 7654)
[ view plain ]
| 000 -LEADER | |
|---|---|
| fixed length control field | 00667nac a22002171u 4500 |
| 010 ## - | |
| -- | 89028303 |
| 020 ## - INTERNATIONAL STANDARD BOOK NUMBER | |
| International Standard Book Number | 0870067834 |
| 082 00 - DEWEY DECIMAL CLASSIFICATION NUMBER | |
| Classification number | 513.0886 |
| Item number | MAR |
| 090 ## - LOCALLY ASSIGNED LC-TYPE CALL NUMBER (OCLC); LOCAL CALL NUMBER (OCLC) | |
| -- | 7654 |
| -- | 7654 |
| 100 ## - MAIN ENTRY--PERSONAL NAME | |
| Personal name | Marion, Nino. |
| 245 10 - TITLE STATEMENT | |
| Title | Math for welders / |
| Statement of responsibility, etc | by Nino A. Marion. |
| 260 ## - | |
| -- | South Holland, Ill. : |
| -- | Goodheart-Willcox Co.,c1990. |
| -- | c1990. |
| 300 ## - PHYSICAL DESCRIPTION | |
| Extent | 224 p. : |
| Other physical details | ill. ; |
| Dimensions | 27 cm. |
| 336 ## - CONTENT TYPE | |
| Source | rdacontent |
| Content type term | text |
| Content type code | txt |
| 337 ## - MEDIA TYPE | |
| Media type term | unmediated |
| Source | rdamedia |
| Media type code | n |
| 338 ## - CARRIER TYPE | |
| Carrier type term | volume |
| Carrier type code | nc |
| Source | rdacarrier |
| 500 ## - GENERAL NOTE | |
| General note | Distributer: Al-Ahram. |
| 511 ## - | |
| -- | Catalogued By: Mahitab. |
| 650 #0 - SUBJECT ADDED ENTRY--TOPICAL TERM | |
| Topical term or geographic name as entry element | Welding |
| General subdivision | Mathematics. |
| 942 ## - ADDED ENTRY ELEMENTS (KOHA) | |
| Koha item type | Book - Borrowing |
| Call number prefix | 513.0886MAR |
| Classification part | RDA-MOD |
| Withdrawn status | Lost status | Damaged status | Not for loan | Home library | Current library | Shelving location | Date acquired | Source of acquisition | Total Checkouts | Full call number | Barcode | Date last seen | Date checked out | Price effective from | Koha item type |
|---|---|---|---|---|---|---|---|---|---|---|---|---|---|---|---|
| Central Library | Central Library | First floor | 03/02/2008 | Purchase | 1 | 513.0886MAR | 000009065 | 15/07/2025 | 02/06/2011 | 03/02/2008 | Book - Borrowing |